Les Accélérateurs dans Pokémon - Statistiques

Statistiques générales
  • Ce quiz a été pris 20 fois
  • Le résultat moyen est 6 sur 8
Statistiques - réponses
Statistique augmentée Accélérateur % Correct
PP PP Plus
95%
Vitesse Carbone
89%
PV PV Plus
89%
Défense Fer
84%
Attaque Spéciale Calcium
79%
Défense Spéciale Zinc
74%
PP PP Max
68%
Attaque Protéine
68%
Aucun quiz correspondant
Distribution des résultats
% des personnes avec chaque résultat
Percentile par nombre de réponses
Votre historique - résultats
Vous n’avez pas pris ce quiz